Statistiques concernant Joueurs avec le plus de matchs consécutifs en Équipe de France

Cliquez ici pour prendre le quiz!

Statistiques générales

  • Ce quiz a été pris 212 fois
  • Le résultat moyen est 5 sur 15

Statistiques - réponses

PériodesJoueursMatchs consécutifs% Correct
2017-2023Antoine Griezmann78 matchs
97%
2017-2019Kylian Mbappé31 matchs
80%
2012-2014Olivier Giroud25 matchs
71%
1996-1998Lilian Thuram26 matchs
60%
1990-1994Didier Deschamps30 matchs
59%
1999-2002Patick Vieira44 matchs
35%
1997-1999Youri Djorkaeff27 matchs
24%
1982-1986Luis Fernandez34 matchs
14%
1985-1989Manuel Amoros35 matchs
14%
2003-2005William Gallas27 matchs
10%
1983-1986Joël Bats29 matchs
9%
1990-1993Basile Boli26 matchs
6%
1967-1971Jean Djorkaeff29 matchs
4%
1971-1975Georges Bereta24 matchs
1%
1956-1959Raymond Kaelbel26 matchs
1%

Distribution des résultats

Percentile par nombre de réponses

% des personnes avec chaque résultat

Votre développement - résultats

Vous n’avez pas pris ce quiz